[Event "XXVI Open Eporediese"]
[Site "Ivrea ITA"]
[Date "2009.01.15"]
[Round "1"]
[White "Razzano, Lorenzo"]
[Black "Vigliocco, Davide"]
[Result "1-0"]
[WhiteElo "1969"]
[BlackElo "1470"]
[PlyCount "47"]
[EventDate "2009.01.15"]

1. e4 e6 2. d4 d5 3. e5 c5 4. Nf3 Nc6 5. Bd3 Qb6 6. O-O Bd7 7. Re1 cxd4 8. a3
a5 9. b3 Bc5 10. Bf4 Nge7 11. Nbd2 Na7 12. b4 axb4 13. axb4 Bxb4 14. Qe2 O-O
15. Bxh7+ Kxh7 16. Ng5+ Kg8 17. Qh5 Rfd8 18. Qh7+ Kf8 19. Qh8+ Ng8 20. Nh7+ Ke7
21. Bg5+ Nf6 22. Qxg7 Be8 23. Nxf6 Bxd2 24. Nxd5+ 1-0

[Event "XXVI Open Eporediese"]
[Site "Ivrea ITA"]
[Date "2009.01.15"]
[Round "1"]
[White "Romano, Antonino"]
[Black "Ranieri, Fabrizio"]
[Result "0-1"]
[WhiteElo "1713"]
[BlackElo "2243"]
[PlyCount "80"]
[EventDate "2009.01.15"]

1. d4 d5 2. c4 e6 3. Nc3 Nf6 4. Nf3 Nbd7 5. Bg5 Be7 6. e3 c6 7. Bd3 O-O 8. O-O
a6 9. cxd5 exd5 10. Rc1 Re8 11. a3 Nf8 12. b4 Bg4 13. h3 Bh5 14. Be2 Qd6 15.
Ne5 Bxe2 16. Qxe2 a5 17. Bf4 Qe6 18. Qb2 axb4 19. axb4 Qf5 20. Ra1 Bd6 21. Ne2
Ne4 22. Ng3 Nxg3 23. Bxg3 f6 24. Ng4 Bxg3 25. fxg3 Qg5 26. Rae1 h5 27. Nxf6+
gxf6 28. Qf2 Kg7 29. h4 Qg6 30. Qf4 Re7 31. Qf5 Rae8 32. Qxg6+ Kxg6 33. Rf3 Nd7
34. Kf2 Nb6 35. Ke2 Nc4 36. Kd3 b5 37. Re2 Ra8 38. Rc2 Ra3+ 39. Rc3 Rxc3+ 40.
Kxc3 Rxe3+ 0-1

[Event "XXVI Open Eporediese"]
[Site "Ivrea ITA"]
[Date "2009.01.15"]
[Round "1"]
[White "Saccona, Silvano"]
[Black "Giachino, Adriano"]
[Result "1-0"]
[WhiteElo "2198"]
[BlackElo "1706"]
[PlyCount "56"]
[EventDate "2009.01.15"]

1. d4 d5 2. c4 e6 3. Nc3 Nf6 4. Bg5 c5 5. e3 Nc6 6. Nf3 Be7 7. dxc5 Bxc5 8.
cxd5 exd5 9. Bxf6 Qxf6 10. Qxd5 Bb4 11. Rc1 Be6 12. Qe4 O-O 13. a3 Bxc3+ 14.
Rxc3 Rad8 15. Be2 Rfe8 16. O-O Bd5 17. Qc2 Be4 18. Qa4 Rd5 19. Rd1 Qd6 20. Rcc1
Bd3 21. Bxd3 Rxd3 22. Rxd3 Qxd3 23. Rd1 Qf5 24. h3 b5 25. Qa6 Qc2 26. Rd6 Ne7
27. Qxb5 Qc1+ 28. Kh2 Qc7 1-0

[Event "XXVI Open Eporediese"]
[Site "Ivrea ITA"]
[Date "2009.01.15"]
[Round "1"]
[White "Saviano, Sabato"]
[Black "Chiarotto, Filippo"]
[Result "0-1"]
[WhiteElo "1696"]
[BlackElo "2039"]
[PlyCount "78"]
[EventDate "2009.01.15"]

1. d4 Nf6 2. c4 e6 3. a3 d6 4. Nc3 Nc6 5. e4 g6 6. Nf3 Bg7 7. Be2 O-O 8. O-O h6
9. h3 a6 10. Be3 Kh7 11. Qd2 e5 12. Rad1 Qe7 13. Qc2 exd4 14. Nxd4 Re8 15. Nxc6
bxc6 16. Bd3 Bb7 17. Rfe1 Nd7 18. f4 Qh4 19. Ne2 c5 20. Bf2 Qf6 21. Rb1 a5 22.
Bg3 Bc6 23. Nc3 Rab8 24. f5 Qg5 25. Kh2 Ne5 26. Rf1 Nxd3 27. fxg6+ Qxg6 28.
Qxd3 Bxc3 29. Qxc3 Bxe4 30. Rf6 Bxb1 31. Rxg6 Bxg6 32. Bf4 Re2 33. b3 Be4 34.
Kg3 Kg6 35. Kh4 Rxg2 36. Qe3 f5 37. Qc1 Rxb3 38. Qd1 Rf3 39. Bxd6 Rg5 0-1

[Event "XXVI Open Eporediese"]
[Site "Ivrea ITA"]
[Date "2009.01.22"]
[Round "2"]
[White "Bellafiore, Enzo"]
[Black "Saccona, Silvano"]
[Result "0-1"]
[WhiteElo "1867"]
[BlackElo "2198"]
[PlyCount "80"]
[EventDate "2009.01.15"]

1. d4 d5 2. c4 c6 3. Nc3 dxc4 4. e4 b5 5. Nf3 Bb7 6. Be2 e6 7. a3 Nf6 8. Bg5
Be7 9. O-O a6 10. Qc2 O-O 11. Rfd1 Nbd7 12. b3 cxb3 13. Qxb3 Re8 14. Rd2 Qc7
15. Rad1 Rac8 16. Bh4 Qa5 17. e5 Nd5 18. Bxe7 Qxc3 19. Qxc3 Nxc3 20. Bd6 Nxd1
21. Rxd1 c5 22. dxc5 Nxc5 23. Rc1 Ne4 24. Rd1 Nc3 25. Re1 Nxe2+ 26. Rxe2 Rc1+
27. Ne1 Bd5 28. f4 Rec8 29. Kf2 R8c4 30. g3 Re4 31. Bb4 Rxe2+ 32. Kxe2 Rb1 33.
Kf2 Rb2+ 34. Kg1 Be4 35. h4 h5 36. Bc3 Ra2 37. Bb4 a5 38. Bd6 Rd2 39. Kf1 Rb2
40. Kg1 b4 0-1

[Event "XXVI Open Eporediese"]
[Site "Ivrea ITA"]
[Date "2009.01.22"]
[Round "2"]
[White "Caresana, Alessandro"]
[Black "Guglielmi, Nicolo'"]
[Result "1-0"]
[WhiteElo "2010"]
[BlackElo "1950"]
[PlyCount "37"]
[EventDate "2009.01.15"]

1. d4 d5 2. c4 c6 3. Nc3 e6 4. Nf3 a6 5. e4 dxe4 6. Nxe4 Nd7 7. Bd3 Ngf6 8. O-O
Be7 9. Re1 O-O 10. Qe2 Re8 11. Bg5 Nxe4 12. Bxe7 Qxe7 13. Qxe4 Nf6 14. Qh4 h6
15. Re3 b5 16. Ne5 Bb7 17. Rg3 Kh8 18. Bg6 Rf8 19. Bxf7 1-0

[Event "XXVI Open Eporediese"]
[Site "Ivrea ITA"]
[Date "2009.01.22"]
[Round "2"]
[White "Castaldo, Antonio"]
[Black "Razzano, Lorenzo"]
[Result "0-1"]
[WhiteElo "1753"]
[BlackElo "1969"]
[PlyCount "28"]
[EventDate "2009.01.15"]

1. e4 e5 2. Nf3 Nc6 3. g3 d5 4. Nc3 Nf6 5. d3 Bc5 6. Bg2 dxe4 7. dxe4 Qxd1+ 8.
Kxd1 O-O 9. Ke2 Bg4 10. h3 Nd4+ 11. Kd3 Bxf3 12. Bxf3 Nxf3 13. Kc4 Bb6 14. Bg5
Nxg5 0-1

[Event "XXVI Open Eporediese"]
[Site "Ivrea ITA"]
[Date "2009.01.22"]
[Round "2"]
[White "Chiarotto, Filippo"]
[Black "Giunto, Andrea"]
[Result "1-0"]
[WhiteElo "2039"]
[BlackElo "1731"]
[PlyCount "51"]
[EventDate "2009.01.15"]

1. Nc3 Nf6 2. e4 d6 3. d4 Nbd7 4. f4 c5 5. e5 cxd4 6. Qxd4 dxe5 7. fxe5 Ng8 8.
Nf3 e6 9. Bb5 a6 10. Bg5 Be7 11. Bxd7+ Qxd7 12. Qh4 h6 13. Rd1 Qc7 14. O-O Bc5+
15. Kh1 Ne7 16. Bxe7 Qxe7 17. Qg4 O-O 18. Ne4 Kh8 19. Rd3 b5 20. Qh5 Kg8 21.
Rfd1 Ra7 22. c3 Bb6 23. h3 Bd7 24. Nh2 Bc6 25. Nf6+ Kh8 26. Nhg4 1-0

[Event "XXVI Open Eporediese"]
[Site "Ivrea ITA"]
[Date "2009.01.22"]
[Round "2"]
[White "Giunto, Stefano"]
[Black "Listello, Massimiliano"]
[Result "1/2-1/2"]
[WhiteElo "1422"]
[BlackElo "1482"]
[PlyCount "130"]
[EventDate "2009.01.15"]

1. e4 e5 2. Nf3 Nc6 3. Bb5 Nf6 4. Nc3 Qe7 5. O-O g6 6. d3 a6 7. Bxc6 dxc6 8. d4
Nd7 9. d5 cxd5 10. Nxd5 Qd6 11. Qd3 Nc5 12. Qc4 b5 13. Qe2 Bb7 14. Rd1 O-O-O
15. Ng5 Rd7 16. Be3 Ne6 17. Nc3 Qe7 18. Rxd7 Qxd7 19. Rd1 Qe7 20. Ba7 Nxg5 21.
Qd2 Qd6 22. Qxg5 Qe7 23. Qg4+ Qe6 24. Qg5 Be7 25. Qh6 Rg8 26. Qxh7 f5 27. f3 c5
28. a4 b4 29. Nd5 Rd8 30. Nxe7+ Kc7 31. Nc6+ Rd7 32. Rxd7+ Qxd7 33. Qxd7+ Kxd7
34. Na5 Ba8 35. Bxc5 fxe4 36. fxe4 Bxe4 37. g3 Bxc2 38. Bxb4 e4 39. Nb7 Ke6 40.
Nc5+ Kd5 41. Nxa6 Bxa4 42. Nc5 Bc2 43. Kf2 Kd4 44. b3 Ke5 45. Ke2 Kd4 46. Kd2
Bb1 47. g4 Ke5 48. Kc1 Ba2 49. Kb2 Bxb3 50. Nxb3 Kf4 51. g5 Kxg5 52. Bd6 Kg4
53. Nd2 e3 54. Bg3 Kh3 55. Nf3 Kg2 56. Nh4+ Kh3 57. Nxg6 e2 58. Be1 Kxh2 59.
Kc2 Kg1 60. Kd2 Kf1 61. Nf4 Kg1 62. Kxe2 Kh2 63. Kf3 Kg1 64. Ne2+ Kf1 65. Ng3+
Kxe1 1/2-1/2

[Event "XXVI Open Eporediese"]
[Site "Ivrea ITA"]
[Date "2009.01.22"]
[Round "2"]
[White "Melling, Jonathon"]
[Black "Castaldo, Folco"]
[Result "0-1"]
[WhiteElo "1877"]
[BlackElo "2419"]
[PlyCount "82"]
[EventDate "2009.01.15"]

1. d4 f5 2. c4 e6 3. g3 Nf6 4. Bg2 Be7 5. Nc3 O-O 6. Nh3 d6 7. Nf4 c6 8. b3 e5
9. dxe5 dxe5 10. Qxd8 Rxd8 11. Nd3 e4 12. Nf4 Na6 13. Bd2 Ba3 14. Rd1 g5 15.
Nh3 h6 16. O-O Be6 17. Kh1 Bb4 18. Nb1 Bxd2 19. Nxd2 Nb4 20. a4 Nc2 21. Ng1 e3
22. Nb1 exf2 23. Rxd8+ Rxd8 24. Rxf2 Ng4 25. Rf3 Ne1 26. Rf1 Nxg2 27. Nf3 N2e3
28. Rc1 Nf2+ 29. Kg1 Nh3+ 30. Kh1 f4 31. Nc3 Bf5 32. a5 c5 33. gxf4 gxf4 34.
Nh4 Bd7 35. Nd5 Bc6 36. Nf3 Nxd5 37. cxd5 Rxd5 38. Kg2 Ng5 39. Rc4 Rd2 40. Kf1
Nxf3 41. exf3 Bb5 0-1

[Event "XXVI Open Eporediese"]
[Site "Ivrea ITA"]
[Date "2009.01.22"]
[Round "2"]
[White "Paonessa, Denis"]
[Black "Bogatto, Mario"]
[Result "1-0"]
[WhiteElo "1933"]
[BlackElo "1470"]
[PlyCount "95"]
[EventDate "2009.01.15"]

1. e4 d6 2. d4 Nf6 3. Nc3 c6 4. Nf3 Bg4 5. Be2 Bxf3 6. Bxf3 Nbd7 7. O-O g6 8.
Be3 Bg7 9. Qd2 h5 10. Rad1 Qc7 11. Rfe1 a6 12. Bf4 e5 13. Be3 O-O-O 14. d5 c5
15. b3 Rh7 16. Na4 Rdh8 17. Nb2 Ng4 18. Nc4 Nxe3 19. Qxe3 Bh6 20. Qc3 Bg5 21.
b4 h4 22. Bg4 Kd8 23. Bxd7 Kxd7 24. bxc5 Qxc5 25. Nxe5+ Ke7 26. Qxc5 dxc5 27.
d6+ Ke6 28. Nc4 Rd8 29. Rd5 Bf4 30. Red1 b5 31. Na5 Rxd6 32. Rxd6+ Bxd6 33. Nb7
Be7 34. Rd5 c4 35. Nc5+ Bxc5 36. Rxc5 Kd6 37. Rc8 f6 38. Ra8 Rc7 39. Rxa6+ Rc6
40. Rxc6+ Kxc6 41. a3 c3 42. Kf1 Kc5 43. Ke2 Kc4 44. Ke3 g5 45. g3 hxg3 46.
hxg3 g4 47. Kf4 Kd4 48. Kf5 1-0

[Event "XXVI Open Eporediese"]
[Site "Ivrea ITA"]
[Date "2009.01.22"]
[Round "2"]
[White "Perrone, Davide"]
[Black "Bruno, Fabrizio P."]
[Result "0-1"]
[WhiteElo "1617"]
[BlackElo "1948"]
[PlyCount "64"]
[EventDate "2009.01.15"]

1. e4 d6 2. d4 Nf6 3. Nc3 g6 4. Be2 Bg7 5. h4 c5 6. Be3 cxd4 7. Bxd4 Nc6 8. Be3
h5 9. f3 a6 10. Qd2 Qa5 11. Bd3 b5 12. Nge2 Ne5 13. Nd1 Qxd2+ 14. Kxd2 Bb7 15.
Nf2 d5 16. Bd4 Nc6 17. Bxf6 Bxf6 18. exd5 Nb4 19. c3 Nxd5 20. Rad1 O-O-O 21.
Ne4 Bg7 22. Nc5 Bh6+ 23. f4 e5 24. g3 Rhe8 25. Nxb7 Kxb7 26. Be4 exf4 27. Bxd5+
Rxd5+ 28. Nd4 fxg3+ 29. Kc2 f5 30. Rhg1 f4 31. Nf3 Rxd1 32. Rxd1 Re3 0-1

[Event "XXVI Open Eporediese"]
[Site "Ivrea ITA"]
[Date "2009.01.22"]
[Round "2"]
[White "Picco, Pietro"]
[Black "Trotto, Pierangelo"]
[Result "0-1"]
[WhiteElo "1293"]
[BlackElo "1883"]
[PlyCount "66"]
[EventDate "2009.01.15"]

1. d4 Nf6 2. c4 g6 3. Nc3 Bg7 4. Nf3 O-O 5. e3 d6 6. Bd3 c6 7. O-O Qc7 8. Qc2
e5 9. dxe5 dxe5 10. b3 e4 11. Nxe4 Nxe4 12. Bb2 Bxb2 13. Qxb2 Nd6 14. Rac1 Bf5
15. Bc2 Nd7 16. Rcd1 Rad8 17. Rfe1 Rfe8 18. Bd3 Bxd3 19. Rxd3 Nc5 20. Rd4 Nf5
21. Rxd8 Rxd8 22. Qe5 Qxe5 23. Nxe5 f6 24. Ng4 Rd6 25. g3 h5 26. e4 hxg4 27.
exf5 gxf5 28. Kg2 Rd2 29. Ra1 Nd3 30. h3 gxh3+ 31. Kxh3 Nxf2+ 32. Kg2 Ng4+ 33.
Kg1 Kf7 0-1

[Event "XXVI Open Eporediese"]
[Site "Ivrea ITA"]
[Date "2009.01.22"]
[Round "2"]
[White "Ranieri, Fabrizio"]
[Black "Catalfamo, Santo"]
[Result "1-0"]
[WhiteElo "2243"]
[BlackElo "1792"]
[PlyCount "61"]
[EventDate "2009.01.15"]

1. e4 e6 2. d4 d5 3. Nc3 c5 4. exd5 exd5 5. dxc5 Nf6 6. Be3 Nc6 7. Bb5 Be7 8.
Nge2 O-O 9. h3 Be6 10. O-O Qc8 11. Bxc6 bxc6 12. b4 Rb8 13. a3 Rd8 14. Nd4 Bxh3
15. gxh3 Qxh3 16. Qf3 Qd7 17. Nf5 Bf8 18. Bg5 Re8 19. Bxf6 gxf6 20. Kh1 Re5 21.
Rg1+ Kh8 22. Qg4 Bh6 23. Nxh6 Qxg4 24. Nxg4 Rh5+ 25. Nh2 Re8 26. Rae1 Ree5 27.
f4 Re6 28. Ne2 h6 29. Nd4 Rxe1 30. Rxe1 Rh3 31. Ndf3 1-0

[Event "XXVI Open Eporediese"]
[Site "Ivrea ITA"]
[Date "2009.01.22"]
[Round "2"]
[White "Rocchi, Enrico"]
[Black "Romano, Antonino"]
[Result "1-0"]
[WhiteElo "1733"]
[BlackElo "1713"]
[PlyCount "85"]
[EventDate "2009.01.15"]

1. e4 c6 2. c4 d5 3. cxd5 cxd5 4. exd5 Nf6 5. d4 Nxd5 6. Nf3 Nc6 7. Nc3 Bf5 8.
Bc4 Nb6 9. Bb5 e6 10. Ne5 Rc8 11. O-O a6 12. Nxc6 bxc6 13. Bxa6 Rc7 14. Be3 Qa8
15. Be2 h6 16. Rc1 Rb7 17. h3 Be7 18. Bd3 Bxd3 19. Qxd3 O-O 20. a3 Rd8 21. Qc2
Nc4 22. Rb1 Bxa3 23. bxa3 Nxa3 24. Qe4 Nxb1 25. Nxb1 Rb4 26. Nd2 Qb8 27. Qxc6
Rd6 28. Qf3 Rd5 29. Qg4 Kh8 30. Nf3 Qe8 31. Rc1 f5 32. Qf4 Qd8 33. Ne5 Qf6 34.
h4 Rxe5 35. Qxe5 Qe7 36. Bxh6 Kh7 37. Bg5 Qf7 38. Rc7 Rb1+ 39. Bc1 Qg6 40. Kh2
Qg4 41. Bg5 Rh1+ 42. Kxh1 Qd1+ 43. Kh2 1-0

[Event "XXVI Open Eporediese"]
[Site "Ivrea ITA"]
[Date "2009.01.22"]
[Round "2"]
[White "Saccuman, Andrea"]
[Black "Bosticardo, Tommaso"]
[Result "0-1"]
[WhiteElo "1422"]
[BlackElo "1464"]
[PlyCount "118"]
[EventDate "2009.01.15"]

1. e4 c5 2. Nf3 d6 3. Bb5+ Bd7 4. Bxd7+ Nxd7 5. O-O Ngf6 6. Re1 e5 7. c4 Be7 8.
Nc3 O-O 9. d3 Rc8 10. Be3 Ng4 11. Bd2 Bh4 12. g3 Be7 13. Qc1 Ngf6 14. Nd5 Nxd5
15. cxd5 a6 16. Bg5 Bxg5 17. Nxg5 Qf6 18. h4 h6 19. Nh3 Qg6 20. a3 Qg4 21. Kh2
b5 22. Qd1 Qxd1 23. Rexd1 Nf6 24. Rdc1 Ng4+ 25. Kg2 f5 26. exf5 Nf6 27. b4 Nxd5
28. g4 cxb4 29. axb4 Nxb4 30. Rd1 Ra8 31. d4 Nc2 32. Rac1 Nxd4 33. f4 Rac8 34.
Ra1 Rc2+ 35. Kg1 Ra8 36. fxe5 dxe5 37. g5 Nxf5 38. Rd5 Re2 39. Kf1 Re3 40. Nf2
Nxh4 41. gxh6 gxh6 42. Rd6 Rf3 43. Rxh6 Rf4 44. Re1 Kg7 45. Rb6 Rf6 46. Rb7+
Rf7 47. Rxf7+ Kxf7 48. Rxe5 b4 49. Re4 Ng6 50. Rxb4 Ke6 51. Nd3 Kd5 52. Ke2 a5
53. Ra4 Kc6 54. Ke3 Kb5 55. Ra2 Kc4 56. Nb2+ Kb3 57. Ra4 Kxb2 58. Kd4 Kb3 59.
Ra1 a4 0-1

[Event "XXVI Open Eporediese"]
[Site "Ivrea ITA"]
[Date "2009.01.22"]
[Round "2"]
[White "Vigliocco, Davide"]
[Black "Gennaro, Isabella"]
[Result "1-0"]
[WhiteElo "1470"]
[BlackElo "1419"]
[PlyCount "67"]
[EventDate "2009.01.15"]

1. e4 c5 2. Nf3 Nc6 3. d4 cxd4 4. Nxd4 Nf6 5. Nc3 e5 6. Ndb5 d6 7. Nd5 Nxd5 8.
exd5 a6 9. dxc6 axb5 10. cxb7 Bxb7 11. Bxb5+ Ke7 12. O-O Qc7 13. Re1 Bxg2 14.
Kxg2 Qb7+ 15. Qf3 Qxf3+ 16. Kxf3 Rb8 17. a4 f5 18. b3 g6 19. Ba3 Bg7 20. Rad1
Rhd8 21. Bc1 e4+ 22. Kg2 h6 23. f3 d5 24. fxe4 fxe4 25. Re2 Kf8 26. Bc6 d4 27.
Bxe4 g5 28. Ba3+ Kg8 29. Bd3 Ra8 30. Rde1 Bf8 31. Bxf8 Kxf8 32. Re7 Rdc8 33.
Rh7 Kg8 34. Rxh6 1-0

[Event "XXVI Open Eporediese"]
[Site "Ivrea ITA"]
[Date "2009.01.29"]
[Round "3"]
[White "Bosticardo, Tommaso"]
[Black "Bellafiore, Enzo"]
[Result "1/2-1/2"]
[WhiteElo "1464"]
[BlackElo "1867"]
[PlyCount "65"]
[EventDate "2009.01.15"]

1. e4 Nf6 2. e5 Nd5 3. d4 d6 4. Nf3 Bg4 5. Be2 e6 6. h3 Bh5 7. O-O Be7 8. Re1
Nc6 9. c4 Nb6 10. Bf4 O-O 11. Nc3 Bxf3 12. gxf3 dxe5 13. dxe5 Na5 14. b3 Bb4
15. Qc2 Qh4 16. Bg3 Qxh3 17. Bf1 Qh5 18. Be2 Nc6 19. Rad1 Rad8 20. Kg2 Nd4 21.
Rxd4 Rxd4 22. Bd3 g6 23. Rh1 Qg5 24. Ne4 Rxe4 25. Bxe4 c6 26. f4 Qd8 27. Qe2
Nc8 28. Qg4 f5 29. Qh3 Rf7 30. Bf3 Be7 31. Rd1 Qc7 32. Bh4 Nb6 33. Bg3 1/2-1/2

[Event "XXVI Open Eporediese"]
[Site "Ivrea ITA"]
[Date "2009.01.29"]
[Round "3"]
[White "Bruno, Fabrizio P."]
[Black "Trotto, Pierangelo"]
[Result "1-0"]
[WhiteElo "1948"]
[BlackElo "1883"]
[PlyCount "60"]
[EventDate "2009.01.15"]

1. e4 c5 2. Nc3 d6 3. f4 Nf6 4. Nf3 e6 5. Bb5+ Bd7 6. Bxd7+ Qxd7 7. d3 Be7 8.
O-O O-O 9. Qe1 Re8 10. Qg3 Nc6 11. e5 Nh5 12. Qh3 g6 13. g4 Ng7 14. Ne4 h5 15.
gxh5 Nxh5 16. exd6 f5 17. dxe7 fxe4 18. Nh4 Nxe7 19. Nxg6 Nxg6 20. Qxh5 Re7 21.
Kh1 Rg7 22. Bd2 Qc6 23. Bc3 exd3+ 24. Qf3 Rd7 25. cxd3 Rxd3 26. Qxc6 bxc6 27.
Rae1 Rf8 28. Rxe6 Nxf4 29. Rh6 Rf5 30. Rh4 Ng6 1-0

[Event "XXVI Open Eporediese"]
[Site "Ivrea ITA"]
[Date "2009.01.29"]
[Round "3"]
[White "Castaldo, Folco"]
[Black "Paonessa, Denis"]
[Result "1-0"]
[WhiteElo "2419"]
[BlackElo "1933"]
[PlyCount "21"]
[EventDate "2009.01.15"]

1. e4 g6 2. d4 Bg7 3. Nf3 d6 4. Bc4 c6 5. Nc3 e6 6. Bg5 Qa5 7. O-O d5 8. Bb3
Nd7 9. Qe1 Ngf6 10. e5 Ng8 11. Nxd5 1-0

[Event "XXVI Open Eporediese"]
[Site "Ivrea ITA"]
[Date "2009.01.29"]
[Round "3"]
[White "Catalfamo, Santo"]
[Black "Caresana, Alessandro"]
[Result "0-1"]
[WhiteElo "1792"]
[BlackElo "2010"]
[PlyCount "46"]
[EventDate "2009.01.15"]

1. b3 e5 2. Bb2 Nc6 3. e3 Nf6 4. Be2 d5 5. d3 Bb4+ 6. c3 Bd6 7. Nd2 O-O 8. e4
Be6 9. Ngf3 h6 10. O-O Qe7 11. h3 Rad8 12. Qc2 g6 13. Kh2 Nh5 14. g3 Qd7 15.
Ng1 Ng7 16. Bf3 Ne7 17. Bg2 f5 18. f3 Nh5 19. Rad1 f4 20. Ne2 fxg3+ 21. Nxg3
Nf4 22. Rh1 Bxh3 23. c4 Bxg2 0-1

[Event "XXVI Open Eporediese"]
[Site "Ivrea ITA"]
[Date "2009.01.29"]
[Round "3"]
[White "Giachino, Adriano"]
[Black "Saccuman, Andrea"]
[Result "1-0"]
[WhiteElo "1706"]
[BlackElo "1422"]
[PlyCount "65"]
[EventDate "2009.01.15"]

1. e4 e5 2. Nf3 Nc6 3. Bc4 Nf6 4. Ng5 d5 5. exd5 Nxd5 6. d3 Be6 7. Nxe6 fxe6 8.
Nc3 Bc5 9. Ne4 Be7 10. Qg4 Qd7 11. Bg5 O-O-O 12. Bxe7 Ncxe7 13. Nc5 Qd6 14.
Nxe6 Rdg8 15. Nc5+ Kb8 16. Ne4 Qb4+ 17. c3 Qxb2 18. O-O Qb6 19. Rab1 Qc6 20.
Rb2 g6 21. Rfb1 b6 22. Bb5 h5 23. Qd1 Qe6 24. Nc5 Qg4 25. Nd7+ Kc8 26. f3 Qe6
27. Qa4 a5 28. Ba6+ Kd8 29. Re1 c6 30. Nxb6 Nxc3 31. Qxa5 Ncd5 32. Nxd5+ Kd7
33. Rb7+ 1-0

[Event "XXVI Open Eporediese"]
[Site "Ivrea ITA"]
[Date "2009.01.29"]
[Round "3"]
[White "Giunto, Andrea"]
[Black "Rocchi, Enrico"]
[Result "1/2-1/2"]
[WhiteElo "1731"]
[BlackElo "1733"]
[PlyCount "62"]
[EventDate "2009.01.15"]

1. e4 e5 2. Nf3 Nc6 3. d4 exd4 4. Nxd4 Bc5 5. Be3 Qf6 6. c3 Nge7 7. Bc4 Bb6 8.
O-O d6 9. Re1 Ne5 10. Be2 N7g6 11. Nd2 Nf4 12. N2f3 Nxe2+ 13. Qxe2 Bg4 14. Kh1
h5 15. h3 O-O-O 16. Bg5 Qg6 17. Bxd8 Kxd8 18. Nxe5 dxe5 19. Nf3 Qf6 20. Rad1+
Kc8 21. Rd2 g5 22. c4 Ba5 23. Red1 Bxd2 24. Rxd2 Be6 25. Ng1 g4 26. Qd3 h4 27.
b3 Qg6 28. Rd1 f5 29. exf5 Bxf5 30. Qe2 Rg8 31. Qf1 Qc6 1/2-1/2

[Event "XXVI Open Eporediese"]
[Site "Ivrea ITA"]
[Date "2009.01.29"]
[Round "3"]
[White "Guglielmi, Nicolo'"]
[Black "Giunto, Stefano"]
[Result "1-0"]
[WhiteElo "1950"]
[BlackElo "1422"]
[PlyCount "35"]
[EventDate "2009.01.15"]

1. d4 e6 2. Nf3 Nf6 3. Bg5 Be7 4. e3 Nc6 5. Bd3 O-O 6. O-O d5 7. c3 Qd6 8. Qc2
e5 9. dxe5 Nxe5 10. Nxe5 Qxe5 11. Bxf6 Bxf6 12. Bxh7+ Kh8 13. Bd3 c5 14. Nd2
Be6 15. Nf3 Qd6 16. Qe2 Qc6 17. Nd4 cxd4 18. Qh5+ 1-0

[Event "XXVI Open Eporediese"]
[Site "Ivrea ITA"]
[Date "2009.01.29"]
[Round "3"]
[White "Listello, Massimiliano"]
[Black "Picco, Pietro"]
[Result "0-1"]
[WhiteElo "1482"]
[BlackElo "1293"]
[PlyCount "72"]
[EventDate "2009.01.15"]

1. e4 c5 2. Nf3 g6 3. g3 Bg7 4. Bg2 Nc6 5. d3 Nf6 6. Nc3 O-O 7. O-O d6 8. Re1
Bg4 9. Ne2 Qb6 10. c3 a6 11. d4 Nxe4 12. d5 Na5 13. Qa4 c4 14. Be3 Nc5 15. Qb4
Qc7 16. Bxc5 Qxc5 17. Qxc5 dxc5 18. Rad1 Rad8 19. b4 cxb3 20. axb3 Nxb3 21. Rb1
c4 22. Ned4 Nc5 23. Rxe7 Rfe8 24. Rc7 Rc8 25. d6 Rxc7 26. dxc7 Rc8 27. Nd2 Rxc7
28. Nxc4 Bxd4 29. cxd4 Bf5 30. Rd1 Ne6 31. Nd6 Bc2 32. Rd2 Bf5 33. Nxb7 Rc1+
34. Bf1 Rb1 35. Nd6 Bh3 36. Re2 Rxf1# 0-1

[Event "XXVI Open Eporediese"]
[Site "Ivrea ITA"]
[Date "2009.01.29"]
[Round "3"]
[White "Razzano, Lorenzo"]
[Black "Ranieri, Fabrizio"]
[Result "0-1"]
[WhiteElo "1969"]
[BlackElo "2243"]
[PlyCount "56"]
[EventDate "2009.01.15"]

1. e4 e6 2. d4 d5 3. Nc3 Bb4 4. e5 c5 5. a3 Bxc3+ 6. bxc3 Ne7 7. Qg4 Qc7 8. Bd3
cxd4 9. Ne2 dxc3 10. Qxg7 Rg8 11. Qxh7 Qxe5 12. Bf4 Qf6 13. Qh6 Qxh6 14. Bxh6
Nbc6 15. Nxc3 Rxg2 16. Rb1 b6 17. Nb5 Kd7 18. Be3 Bb7 19. Nd4 Rag8 20. Ke2 e5
21. Nxc6 Bxc6 22. h4 d4 23. Bd2 e4 24. Bb5 Nd5 25. Bxc6+ Kxc6 26. Rb3 f5 27.
Rbh3 e3 28. Be1 Nf4+ 0-1

[Event "XXVI Open Eporediese"]
[Site "Ivrea ITA"]
[Date "2009.01.29"]
[Round "3"]
[White "Saccona, Silvano"]
[Black "Chiarotto, Filippo"]
[Result "1-0"]
[WhiteElo "2198"]
[BlackElo "2039"]
[PlyCount "83"]
[EventDate "2009.01.15"]

1. d4 d5 2. Nf3 c6 3. Bf4 Bf5 4. c3 e6 5. Nbd2 Bd6 6. Bxd6 Qxd6 7. Qb3 Qc7 8.
e3 Nd7 9. c4 Ngf6 10. Rc1 O-O 11. Be2 Ne4 12. O-O Nxd2 13. Nxd2 Qb6 14. Rc3
Qxb3 15. Rxb3 Rab8 16. Rc1 Nb6 17. Nf3 Be4 18. Nd2 dxc4 19. Rxb6 axb6 20. Nxe4
b5 21. Nc5 Ra8 22. a3 Ra7 23. Ne4 Rd8 24. f4 f6 25. Nd2 e5 26. fxe5 fxe5 27.
Nf3 exd4 28. Nxd4 Raa8 29. Bf3 Rd6 30. Rc3 g6 31. h3 Kg7 32. Be2 Kf6 33. Nf3
Re6 34. Kf2 h6 35. Bd1 Ke7 36. Bc2 Kd6 37. Nd2 Ke5 38. Ke2 g5 39. e4 Kd4 40.
Rf3 b4 41. Rf5 c3 42. Nb3+ 1-0

[Event "XXVI Open Eporediese"]
[Site "Ivrea ITA"]
[Date "2009.01.29"]
[Round "3"]
[White "Saviano, Sabato"]
[Black "Castaldo, Antonio"]
[Result "1/2-1/2"]
[WhiteElo "1696"]
[BlackElo "1753"]
[PlyCount "108"]
[EventDate "2009.01.15"]

1. d4 Nf6 2. c4 g6 3. Nc3 Bg7 4. e4 d6 5. h3 O-O 6. Nf3 Nbd7 7. Be2 e5 8. d5
Nc5 9. Bg5 a5 10. O-O h6 11. Bxf6 Bxf6 12. Nh2 Bg7 13. Bg4 f5 14. exf5 gxf5 15.
Bh5 Bd7 16. f4 e4 17. Be2 Qh4 18. Qd2 Qg3 19. Rab1 Rf6 20. Bh5 Qh4 21. Be2 Rg6
22. Kh1 Qg3 23. Bh5 Bxc3 24. bxc3 Rg7 25. Rg1 Nd3 26. Rbf1 Qh4 27. Bd1 Rg3 28.
Bc2 Qf6 29. Bb1 Kh7 30. Rd1 Rag8 31. Nf1 Ba4 32. Nxg3 Bxd1 33. Nxe4 fxe4 34.
Bxd3 Bf3 35. gxf3 Rxg1+ 36. Kxg1 Qg6+ 37. Kf2 exd3 38. Ke3 Qg1+ 39. Kxd3 Qf1+
40. Kc2 Qxf3 41. Qd3+ Qxd3+ 42. Kxd3 Kg6 43. Ke4 c6 44. a4 c5 45. h4 h5 46. f5+
Kf7 47. Kf3 Kf6 48. Kf4 b6 49. Ke4 Ke7 50. Kf3 Kf7 51. Kg3 Kg7 52. Kf3 Kf7 53.
Ke3 Ke7 54. Ke4 Kf7 1/2-1/2

[Event "XXVI Open Eporediese"]
[Site "Ivrea ITA"]
[Date "2009.01.29"]
[Round "3"]
[White "Vigliocco, Davide"]
[Black "Perrone, Davide"]
[Result "0-1"]
[WhiteElo "1470"]
[BlackElo "1617"]
[PlyCount "64"]
[EventDate "2009.01.15"]

1. e4 c5 2. Nf3 Nc6 3. d4 cxd4 4. Nxd4 g6 5. Be3 Bg7 6. Nc3 d6 7. f3 Nf6 8. g4
Bd7 9. Be2 Rc8 10. Qd2 Na5 11. h4 h5 12. gxh5 Nxh5 13. Rg1 Nc4 14. Bxc4 Rxc4
15. O-O-O a6 16. Rg5 Bf6 17. Rdg1 Bxg5 18. hxg5 Qa5 19. Nb3 Qd8 20. Bd4 Rg8 21.
Nd5 Be6 22. Bb6 Qc8 23. c3 Bxd5 24. exd5 Qf5 25. Na5 Rh4 26. Nxb7 Qxf3 27. Re1
Kd7 28. Na5 Re8 29. Qc2 Qxd5 30. c4 Qxg5+ 31. Be3 Qxa5 32. Bd2 Qxa2 0-1